书目信息 |
| 题名: |
中国共产党纪律处分条例
|
|
| 作者: | ;中央纪委法规室 编 | |
| 分册: | ||
| 出版信息: | 北京 中国方正出版社 1997 |
|
| 页数: | 76页 | |
| 开本: | 19cm | |
| 丛书名: | ||
| 单 册: | ||
| 中图分类: | D262.6 | |
| 科图分类: | 33.12513 | |
| 主题词: | 纪律检查-中国共产党--条例 | |
| 电子资源: | ||
| ISBN: | 7-80107-130-1 | |
| 000 | 00691nam0 2200229 45 | |
| 001 | 0197036038 | |
| 005 | 20070718173446.06 | |
| 010 | @a7-80107-130-1@dCNY2.90 | |
| 100 | @a19971021d1997 em y0chiy0121 ea | |
| 101 | 0 | @achi |
| 102 | @aCN@b110000 | |
| 105 | @ay z 000yy | |
| 200 | 10 | @a中国共产党纪律处分条例@Azhong guo gong chan dang ji lv chu fen tiao li@f中央纪委法规室编 |
| 210 | @a北京@c中国方正出版社@d1997 | |
| 215 | @a76页@d19cm | |
| 601 | 02 | @a中国共产党-纪律检查@x条例 |
| 606 | @a纪律检查-中国共产党@x条例 | |
| 690 | @aD262.6@v3 | |
| 692 | @a33.12513@v2 | |
| 711 | 02 | @a中央纪委法规室@Azhong yang ji wei fa gui shi@4编 |
| 801 | 0 | @aCN@bTSSF@c20070718 |
| 905 | @a10447@dD262.6@e167 | |
| 中国共产党纪律处分条例/中央纪委法规室编.-北京:中国方正出版社,1997 |
| 76页;19cm |
| ISBN 7-80107-130-1:CNY2.90 |
| ● |
| 相关链接 |
|
|
|
|
正题名:中国共产党纪律处分条例
索取号:D262.6/167
 
预约/预借
| 序号 | 登录号 | 条形码 | 馆藏地/架位号 | 状态 | 备注 |
| 1 | 0765327 | 207653270 | 第一样本阅览室/ [索取号:D262.6/167] | 在馆 | |
| 2 | 0770523 | 207705232 | 密集书库/ [索取号:D262.6/167] | 在馆 |